Suomen katsotuimmat elokuvat teatterissa - Statistics

Yleistilastot
  • Tätä visaa on pelattu 341 kertaa
  • Keskiarvotulos 3 / 10
Vastaustilastot
Katsojamäärä Vuosi Maa Elokuva % Oikein
2 800 000 1955 Suomi Tuntematon sotilas
93%
1 040 000 1998 USA Titanic
73%
750 965 1984 Suomi Uuno Turhapuro armeijan leivissä
47%
1 020 000 1968 Suomi Täällä Pohjantähden alla
33%
1 500 000 1941 Suomi Kulkurin valssi
18%
821 736 1976 USA Yksi lensi yli käenpesän
12%
760 000 1941 Suomi Kaivopuiston kaunis Regina
6%
950 000 1934 Suomi Siltalan pehtoori
4%
990 000 1937 Suomi Juurakon Hulda
3%
759 301 1974 USA Papillon
3%
Ehtoja vastaavia visoja ei löytynyt
Tulosjakauma
Jokaisen tuloksen saaneiden osuus
Persentiili vastausten määrän mukaan
Tuloshistoriasi
Et ole pelannut tätä visaa